Wings of Fire The Graphic Novel/ (Record no. 203025)

MARC details
000 -LEADER
fixed length control field 00533 a2200205 4500
005 - DATE AND TIME OF LATEST TRANSACTION
control field 20240520145551.0
010 ## - LCCN (DPL NO)
LC control number B-759122
020 ## - INTERNATIONAL STANDARD BOOK NUMBER
International Standard Book Number 9789354715228
Terms of availability 650.00
035 ## - SYSTEM CONTROL NUMBER
System control number B-759122
037 ## - SOURCE OF ACQUISITION
Source of stock number/acquisition Gift
082 ## - DEWEY DECIMAL CLASSIFICATION NUMBER
Classification number N
100 ## - MAIN ENTRY--PERSONAL NAME
Personal name Sutherland, Tuit
245 ## - TITLE STATEMENT
Title Wings of Fire The Graphic Novel/
Statement of responsibility, etc Tuit Sutherland
260 ## - PUBLICATION, DISTRIBUTION, ETC. (IMPRINT)
Place of publication, distribution, etc New York
Name of publisher, distributor, etc Scholastic
Date of publication, distribution, etc 2023
270 ## - ADDRESS
Address New York
City New York
300 ## - PHYSICAL DESCRIPTION
Extent 218 p.
Dimensions 23 cm(Pb)
700 ## - ADDED ENTRY--PERSONAL NAME
9 (RLIN) 66471
942 ## - ADDED ENTRY ELEMENTS (KOHA)
Institution code [OBSOLETE] dpl
Item type Children Books
Source of classification or shelving scheme Dewey Decimal Classification
Classification part N
Call number suffix SUT
Holdings
Withdrawn status Lost status Not for loan Collection code Home library Current library Date acquired Source of acquisition Cost, normal purchase price Full call number Barcode Copy number Cost, replacement price Koha item type Public note
      Fiction Sarojini Nagar Sarojini Nagar 20/05/2024 Gift/20.5.24 650.00 N SUT B-759122 1 650.00 Children Books Gift

© Delhi Public Library
Hit Counter
free hit counter